Financial Institutions and Market (Record no. 104460)

MARC details
000 -LEADER
fixed length control field 00386nam a2200133Ia 4500
008 - FIXED-LENGTH DATA ELEMENTS--GENERAL INFORMATION
fixed length control field 211119s9999||||xx |||||||||||||| ||und||
082 ## - DEWEY DECIMAL CLASSIFICATION NUMBER
Classification number 332.10973
Item number KOH-F
100 ## - MAIN ENTRY--PERSONAL NAME
Personal name Kohn, Meir
245 #0 - TITLE STATEMENT
Title Financial Institutions and Market
260 ## - PUBLICATION, DISTRIBUTION, ETC.
Name of publisher, distributor, etc. Oxford
Place of publication, distribution, etc. New York
Date of publication, distribution, etc. 2003
300 ## - PHYSICAL DESCRIPTION
Extent 674p
650 ## - SUBJECT ADDED ENTRY--TOPICAL TERM
Topical term or geographic name entry element Social Sciences
942 ## - ADDED ENTRY ELEMENTS (KOHA)
Koha item type BOOK
650 ## - SUBJECT ADDED ENTRY--TOPICAL TERM
Form subdivision EconomicsFinancial economicsManagement
General subdivision MBA LIBRARY
Holdings
Withdrawn status Lost status Damaged status Not for loan Home library Current library Date acquired Cost, normal purchase price Total Checkouts Full call number Barcode Shelving location Date last seen Price effective from Koha item type
        SB LIBRARY SB LIBRARY 19/11/2021 445.00   332.10973 KOH-F 00117806 MBA LIBRARY 19/11/2021 19/11/2021 BOOK

Powered by Koha